Responses for show #2826 - Monday, December 9, 1996

Contestants

Rosemary Foster, a research scientist from Somerville, Massachusetts

Wade Markel, an Army captain from Wellesley, Massachusetts

Clark Adams, a horse shoer from Batesville, Virginia (whose 1-day cash winnings total $10,401)

Jeopardy! Round responses

THE PLANETS
POP MUSIC
PARADES
WORLD FOOD & DRINK
RIP VAN WINKLE
CATCHING SOME "Z"s
(Alex: We have a Canadian film crew with us in the studio today, so I should have said "catching some 'zeds'".)
    $100 2
Jupiter

Rosemary
    $100 3
"Pocahontas"

Rosemary
    $100 22
Pennsylvania Avenue

Rosemary
    $100 17
Rice

Rosemary
    $100 16
His beard

Wade
    $100 1
Zodiac

Wade
    $200 8
Mercury

Wade
    $200 4
Luther Vandross

Triple Stumper
    $200 27
London

Clark
    $200 23
New Zealand

Clark
    $200 18
20

Clark
    $200 12
Zig-Zag

Wade
    $300 9
Venus

Rosemary
    $300 5
Julian Lennon

Rosemary
    $300 28
Ticker Tape Parade

Clark
    $300 24
Sicily

Wade
    $300 19
Hudson River

Clark
    $300 13
Zucchini

Clark
    $400 10
Pluto

Rosemary
    $400 6
Mary Chapin Carpenter

Rosemary
    $400 29
Kermit The Frog

Triple Stumper
    $400 25
(less than a minute to go in the round...)

Germany

Rosemary
    $400 20
Dog

Clark
    $400 14
Zion

Clark
    $500 11
Neptune

Rosemary
    $300 7
[Song by Neil Diamond]

E.T.

Rosemary
    $500 30
Mardi Gras

Triple Stumper
    $500 26
(W: What is rice?)

Okra

ClarkWade
    $500 21
Washington Irving

Clark
    $500 15
Zori

Triple Stumper

Scores at the first commercial break (after clue 12):

Clark Wade Rosemary
$0 $500 $2,400

Scores at the end of the Jeopardy! Round:

Clark Wade Rosemary
$3,300 $400 $3,000

Double Jeopardy! Round responses

MINORITIES
SHAKESPEARE
COLLEGES & UNIVERSITIES
EXPLORERS
INTERNATIONAL ACTRESSES
POTPOURRI
    $200 11
French

Rosemary
    $200 1
Hamlet

Wade
    $200 8
Tuskegee Institute

Rosemary
    $200 21
Christopher Columbus

Wade
    $200 26
Nicole Kidman

Wade
    $200 3
(Wade: What is the brain?)

the heart

ClarkWade
    $400 17
Egypt

Clark
    $400 2
the Montagues & the Capulets

Clark
    $400 9
Burma (or Myanmar)

Rosemary
    $400 22
(Rosemary: Who is Magellan?)

Sir Francis Drake

WadeRosemary
    $400 27
(Clark: What is Emperor of the Sun?)

The Last Emperor

ClarkWade
    $400 4
The Doge

Clark
    $600 18
Yugoslavia (or Serbia)

Wade
    $600 14
Portia

Wade
    $600 10
Dartmouth

Clark
    $600 23
(Clark: Who was Peary?)

Admiral Richard Byrd

Clark
Triple Stumper
    $600 28
Liv Ullmann

Rosemary
    $600 5
Magnolia

Clark
    $800 19
Belgium

Wade
    $1,500 15
All's Well That Ends Well

Wade
    $800 12
Horace Mann

Triple Stumper
    $800 24
(Wade: Who was Vasco da Gama?)
(Clark: Who was Magellan?)
...
(Alex: We have less than a minute to go in the round.)

Bartolomeo Diaz

ClarkWade
Triple Stumper
    $2,500 29
(Alex: [To Rosemary, making her wager] Hurry, we don't have much time left!)

Vanessa Redgrave

Rosemary
    $800 6
Veneer

Clark
    $1000 20
Iraq

Clark
    $1000 16
Troilus & Cressida

Triple Stumper
    $1000 13
(Rosemary: What is Milwaukee?)
(Clark: What is Detroit?)

Chicago

ClarkWadeRosemary
    $1000 25
Jacques Cartier

Wade
    $1000 7
James K. Polk

Rosemary

Scores at the end of the Double Jeopardy! Round:

Clark Wade Rosemary
$4,900 $6,300 $6,500

[wagering suggestions for these scores]

Final Jeopardy! Round responses

AMERICAN HISTORY
(Alex: Ergot is a mold that affects the rye plant.)
ClarkWhat are The Salem Witch Trials
$2,600
WadeWhat are the Salem Witch Trials?
$3,600
RosemaryWhat are the Salem Witch Trials?
$6,101
The Salem Witch Trials

Final scores:

Clark Wade Rosemary
$7,500 $9,900 $12,601
3rd place: Magnavox 27-inch TV Set 2nd place: Lane Pine Desk New champion: $12,601

Game dynamics:

Coryat scores:

Clark Wade Rosemary
$4,900 $5,600 $5,000
18 R,
4 W
16 R
(including 1 DD),
3 W
17 R
(including 2 DDs),
2 W

Combined Coryat: $15,500

The J! Archive is created by fans, for fans. The Jeopardy! game show and all elements thereof, including but not limited to copyright and trademark thereto, are the property of Jeopardy Productions, Inc. and are protected under law. This website is not affiliated with, sponsored by, or operated by Jeopardy Productions, Inc. Join the discussion at JBoard.tv.